Azul

Guardat en:
Dades bibliogràfiques
Autor principal: Darío, Rubén (Autor)
Format: Llibre
Idioma:espanyol
Publicat: Santiago Zig-Zag 1954
Col·lecció:Biblioteca Zig-Zag, 86-87
Matèries:
Etiquetes: Afegir etiqueta
Sense etiquetes, Sigues el primer a etiquetar aquest registre!

MARC

LEADER 00000nam a2200000 a 4500
001 UCW8871
003 CL-VaPUC
008 881103e19540000CL |||||||||||||||||spa|d
082 0 4 |a Ni861  |b DAR  |2 21 
100 0 |a Darío, Rubén  |e author  |9 268402 
245 1 0 |a Azul 
300 |a 175 p 
942 |c BK 
945 |d 19881103 00:00:00 
260 |a Santiago  |b Zig-Zag  |c 1954 
650 7 |a CUENTOS NICARAGUENSES  |2 CL-VaPUC  |9 314103 
650 7 |a POESIAS NICARAGUENSES  |2 CL-VaPUC  |9 266965 
650 7 |a PROSA NICARAGUENSE  |2 CL-VaPUC  |9 314104 
583 |a last modification  |c 19881103 00:00:00  |k Rodrigo Vera 
490 0 |a Biblioteca Zig-Zag, 86-87 
999 |c 221079  |d 221077 
952 |0 0  |1 0  |4 0  |6 NI_861_000000000000000_DAR_1954  |7 0  |8 A  |9 214040  |a BIBEDU  |b BIBEDU  |d 2019-11-15  |i 3268985  |l 1  |o Ni861 DAR 1954  |p 3268985  |r 2021-08-03  |s 2020-12-03  |w 2019-11-15  |y BK  |k LIT